000 00645cab a2200229 4500
001 WB3216-22
008 090401t1996 xxu||||| |||| 00| 0 eng d
035 _a(Sirsi) u73916
041 _aeng
245 _aHigh Asian rents
260 _c1996
350 _a0
490 _aEuropean
_v25 April 1996, 27(1)
520 _aAlthough London has the most expensive residential rents in Europe, prices remain far below those in cities in the Far East. Comparative table.
650 _aFAR EAST
650 _aLONDON
650 _aPRIVATE RENTED SECTOR
650 _aRENTAL LEVELS
690 _aHOUSING
942 _n0
948 _c04/03/1997
999 _c46651
_d46651